[Event "Aktiv-Alliancen 2001"]
[Site "Taastrup"]
[Date "2001.02.17"]
[Round "9"]
[White "Hau, Helge"]
[Black "Moller, Arne Vagn"]
[Result "0-1"]
[WhiteElo "1479"]
[BlackElo "2026"]
[PlyCount "128"]
[EventDate "2001.??.??"]

1. f4 d5 2. Nf3 Nf6 3. e3 g6 4. Ne5 Nbd7 5. Be2 Bg7 6. d3 O-O 7. Nd2 c5 8. Ndf3
e6 9. c3 Nxe5 10. Nxe5 Nd7 11. d4 Nxe5 12. dxe5 f6 13. exf6 Bxf6 14. O-O Bd7
15. Qb3 Bc6 16. a4 a6 17. Bg4 Qe7 18. Bd2 b5 19. a5 Rab8 20. Qc2 Rfc8 21. Rf3
b4 22. Rg3 b3 23. Qd1 Kh8 24. Bf3 d4 25. Bxc6 Rxc6 26. e4 c4 27. e5 Bh4 28. Rf3
Qd8 29. g3 Be7 30. Be1 d3 31. Bd2 Rb5 32. Rf1 Qd5 33. Qf3 Rcc5 34. Qxd5 Rxd5
35. Ra4 Rdc5 36. Rfa1 Bd8 37. Kf1 Kg7 38. Ke1 Rxa5 39. Be3 Rxa4 40. Rxa4 Rc6
41. Kd2 Kf7 42. Rb4 a5 43. Rb8 Ke7 44. Ra8 Kd7 45. Ra7+ Bc7 46. Bd4 Kc8 47.
Ra8+ Kb7 48. Rh8 a4 49. Kc1 Ra6 50. Rxh7 a3 51. bxa3 Rxa3 52. Be3 Ra1+ 53. Kb2
Re1 54. Bc1 Re2+ 55. Kb1 d2 56. Rd7 dxc1=Q+ 57. Kxc1 Rc2+ 58. Kb1 Rxc3 59. Re7
Rd3 60. Rxe6 c3 61. Kc1 b2+ 62. Kc2 Rd2+ 63. Kxc3 b1=Q 64. Kxd2 Qa2+ 0-1

[Event "Aktiv-Alliancen 2001"]
[Site "Taastrup"]
[Date "2001.02.17"]
[Round "9"]
[White "Schmidt, Horst Hubert"]
[Black "Theander, Stig"]
[Result "0-1"]
[WhiteElo "2025"]
[BlackElo "1564"]
[PlyCount "108"]
[EventDate "2001.??.??"]

1. d4 Nf6 2. c4 c5 3. g3 cxd4 4. Qxd4 Nc6 5. Qd3 b6 6. Bg2 Bb7 7. e4 Ne5 8. Qe2
Nxc4 9. Nc3 Rc8 10. Nf3 d5 11. e5 d4 12. O-O d3 13. Qd1 Ne4 14. Nxe4 Bxe4 15.
e6 fxe6 16. b3 Bxf3 17. Qxf3 Qd4 18. Qh5+ g6 19. Qb5+ Kf7 20. Be3 Qe5 21. Qa6
Nd6 22. Bf4 Qa5 23. Qxd3 Bg7 24. Rad1 Rc3 25. Qe2 Qb5 26. Qd2 Rd8 27. Bxd6 exd6
28. Rfe1 Qf5 29. Be4 Qf6 30. Bd3 d5 31. Rc1 Rdc8 32. Rcd1 Bf8 33. Ba6 Rc2 34.
Qe3 R8c3 35. Qd4 Bc5 36. Qxf6+ Kxf6 37. Rf1 Rxa2 38. Bb7 Rcc2 39. Kh1 Rxf2 40.
Rxf2+ Rxf2 41. Ra1 a5 42. Re1 g5 43. Bc8 e5 44. g4 e4 45. Bf5 Ke5 46. Bxh7 Kf4
47. Bf5 Kf3 48. Be6 Bb4 49. Rg1 d4 50. Rg3+ Kf4 51. Bd5 d3 52. Rg1 e3 53. Bc4
e2 54. Bxd3 e1=Q 0-1

[Event "Aktiv-Alliancen 2001"]
[Site "Taastrup"]
[Date "2001.02.17"]
[Round "9"]
[White "Holtzmann, Sonny"]
[Black "Simonsen, Per"]
[Result "1/2-1/2"]
[WhiteElo "1665"]
[BlackElo "1852"]
[PlyCount "125"]
[EventDate "2001.??.??"]

1. Nf3 d5 2. g3 c5 3. d4 e6 4. Bg2 Nc6 5. O-O Nf6 6. c4 dxc4 7. Qa4 cxd4 8.
Nxd4 Bd7 9. Nxc6 bxc6 10. Qxc4 Rc8 11. Nc3 Be7 12. Be3 Qc7 13. Bc5 Nd5 14. e4
Bxc5 15. Qxc5 Qb6 16. Na4 Qxc5 17. Nxc5 Nb6 18. Rfd1 Ke7 19. e5 Nd5 20. Nxd7
Kxd7 21. Rac1 Rb8 22. Rd2 Rb6 23. Rc5 Rhb8 24. Ra5 R8b7 25. Bxd5 exd5 26. b3 g5
27. Rd4 Ke6 28. f4 gxf4 29. gxf4 Rb4 30. Ra4 Rxd4 31. Rxd4 c5 32. Ra4 Kf5 33.
Kg2 Rb4 34. Rxa7 Kxf4 35. Rxf7+ Kxe5 36. Rxh7 c4 37. Rh3 Kd4 38. Kf2 Rb8 39.
Ke2 Ra8 40. a4 cxb3 41. Rxb3 Rxa4 42. Rd3+ Kc4 43. Ke3 Ra2 44. Rd4+ Kc5 45. Rd2
Ra3+ 46. Rd3 Ra4 47. Rc3+ Kd6 48. Kd3 Rh4 49. Rc2 d4 50. Rg2 Ke5 51. Rg5+ Ke6
52. Rg6+ Kf5 53. Rg8 Kf6 54. Rd8 Ke5 55. Re8+ Kd5 56. Rd8+ Ke5 57. Re8+ Kf5 58.
Rf8+ Kg6 59. Rd8 Rh3+ 60. Kxd4 Rxh2 61. Rd6+ Kf5 62. Rd5+ Ke6 63. Re5+ 1/2-1/2

[Event "Aktiv-Alliancen 2001"]
[Site "Taastrup"]
[Date "2001.02.17"]
[Round "9"]
[White "Rosenkilde, Alexander"]
[Black "Carlsen, Tonny"]
[Result "1/2-1/2"]
[WhiteElo "1195"]
[BlackElo "1443"]
[PlyCount "31"]
[EventDate "2001.??.??"]

1. e4 Nc6 2. d4 e5 3. Nf3 exd4 4. Bc4 Bb4+ 5. c3 dxc3 6. bxc3 Bc5 7. Bg5 Nge7
8. Bh4 O-O 9. Ng5 Ne5 10. Bb3 h6 11. Nf3 Nxf3+ 12. Qxf3 Qe8 13. O-O d6 14. Nd2
Be6 15. Bc2 Ng6 16. Bg3 1/2-1/2

[Event "Aktiv-Alliancen 2001"]
[Site "Taastrup"]
[Date "2001.02.17"]
[Round "9"]
[White "Bekker Jensen, Dorte"]
[Black "Madhy, Nezar"]
[Result "0-1"]
[WhiteElo "1217"]
[BlackElo "1650"]
[PlyCount "46"]
[EventDate "2001.??.??"]

1. d4 Nf6 2. c4 e6 3. Nc3 b6 4. Bf4 Bb7 5. e3 Bb4 6. a3 Bxc3+ 7. bxc3 Ne4 8.
Qc2 g5 9. Be5 f6 10. f3 fxe5 11. fxe4 exd4 12. exd4 Qf6 13. Bd3 d6 14. Ne2 Nd7
15. Rf1 Qg7 16. Kf2 O-O-O 17. Kg1 Kb8 18. Rf2 Nf6 19. h3 g4 20. Nf4 Bc8 21.
hxg4 Nxg4 22. Rf3 h5 23. Kf1 Nh2+ 0-1

[Event "Aktiv-Alliancen 2001"]
[Site "Taastrup"]
[Date "2001.02.17"]
[Round "9"]
[White "Jensen, Jan Kargaard"]
[Black "Pedersen, Ole"]
[Result "1-0"]
[WhiteElo "1502"]
[BlackElo "1459"]
[PlyCount "61"]
[EventDate "2001.??.??"]

1. e4 c5 2. Nf3 Nc6 3. Bb5 g6 4. O-O Bg7 5. Bxc6 bxc6 6. Re1 d6 7. d3 Rb8 8.
Nc3 e6 9. e5 dxe5 10. Rb1 Qc7 11. Na4 Qa5 12. b3 c4 13. Bd2 Qc7 14. dxc4 Ne7
15. Bc3 f6 16. Qd2 O-O 17. Rbd1 Nf5 18. g4 Nh6 19. Bb4 Re8 20. Bd6 Qb7 21. Nc5
Qb6 22. Bxb8 Qxb8 23. h3 f5 24. g5 Nf7 25. h4 e4 26. Nh2 Be5 27. Nf1 Rd8 28.
Qa5 Bc7 29. Rxd8+ Nxd8 30. Qd2 Nb7 31. Nd7 1-0

[Event "Aktiv-Alliancen 2001"]
[Site "Taastrup"]
[Date "2001.02.17"]
[Round "9"]
[White "Helleberg, Jorgen"]
[Black "Christensen, Aage Niels"]
[Result "0-1"]
[WhiteElo "1453"]
[BlackElo "1466"]
[PlyCount "122"]
[EventDate "2001.??.??"]

1. d4 g6 2. Nf3 Bg7 3. Bf4 d6 4. h3 c5 5. e3 cxd4 6. exd4 Nc6 7. c3 Bf5 8. Bh2
Rc8 9. Bd3 Bxd3 10. Qxd3 Nf6 11. Nbd2 O-O 12. O-O Qa5 13. Rfe1 Rfe8 14. a3 Qc7
15. Rac1 Qd8 16. b4 Nd7 17. Qb1 a5 18. b5 Ncb8 19. a4 Nb6 20. c4 Nxa4 21. Qa2
Nb6 22. Qxa5 N8d7 23. Qb4 Ra8 24. Ra1 Rxa1 25. Rxa1 Qb8 26. Qb3 e5 27. dxe5
dxe5 28. Qb4 Qc8 29. Rc1 Nc5 30. Qb1 Qd7 31. Rd1 Rd8 32. Re1 f6 33. Bg3 Qd3 34.
Qa2 Ra8 35. Qb1 Qxb1 36. Rxb1 Rd8 37. Kh2 Bh6 38. Nf1 Rd3 39. Kg1 Kf7 40. Kh2
Ke7 41. Re1 Nxc4 42. h4 b6 43. Ra1 Na5 44. Rb1 Ne4 45. Ne1 Rc3 46. Kg1 Nxg3 47.
Nxg3 Rc1 48. Rxc1 Bxc1 49. Nd3 Ba3 50. Ne4 Nb7 51. Nc3 Ke6 52. Na4 Nc5 53.
Ndxc5+ Bxc5 54. Nxc5+ bxc5 55. b6 Kd6 56. Kf1 Kc6 57. b7 Kxb7 58. Ke2 Kc6 59.
Kd3 Kd5 60. f3 f5 61. g3 h6 0-1

[Event "Aktiv-Alliancen 2001"]
[Site "Taastrup"]
[Date "2001.02.17"]
[Round "9"]
[White "Nielsen, Richard Hjort"]
[Black "Sandbech, Ted"]
[Result "1/2-1/2"]
[WhiteElo "1453"]
[BlackElo "1691"]
[PlyCount "150"]
[EventDate "2001.??.??"]

1. e4 d5 2. exd5 Qxd5 3. Nc3 Qa5 4. Nf3 Bg4 5. Be2 c6 6. O-O Nf6 7. d3 e6 8.
Bd2 Qc7 9. Ne4 Nxe4 10. dxe4 Be7 11. Bc3 O-O 12. Nd4 Bxe2 13. Qxe2 Nd7 14. Nf3
e5 15. Rad1 Rad8 16. Rd2 f6 17. Qc4+ Kh8 18. Rfd1 Nb6 19. Qe6 Rxd2 20. Rxd2 Rd8
21. Qf7 Bd6 22. Qxc7 Bxc7 23. Rxd8+ Bxd8 24. Ba5 Kg8 25. c4 Be7 26. Bxb6 axb6
27. b3 Kf7 28. Kf1 Ke6 29. Ke2 Ba3 30. Nd2 Kd6 31. Nb1 Bc1 32. Nc3 Kc5 33. Na4+
Kb4 34. Nxb6 Ka3 35. Kd1 Bb2 36. f3 Kxa2 37. Kc2 Bd4 38. Nd7 Bg1 39. h3 Ka3 40.
Nf8 h5 41. Ne6 g6 42. Nd8 b5 43. Nxc6 bxc4 44. bxc4 Bc5 45. Kd3 Kb3 46. Na5+
Kb4 47. Nc6+ Ka4 48. Kc3 Ka3 49. Kd3 Kb3 50. Nd8 Be7 51. Nc6 Bc5 52. Nb8 Be7
53. Na6 Ka4 54. Kc3 Ka5 55. Nc7 Bc5 56. Nd5 f5 57. exf5 gxf5 58. g4 fxg4 59.
fxg4 hxg4 60. hxg4 Bf8 61. Kd3 Ka4 62. g5 Bg7 63. Nf6 Kb4 64. Nh5 Bf8 65. g6
e4+ 66. Kxe4 Kxc4 67. Nf6 Bh6 68. Kf5 Kc5 69. Ke6 Bg7 70. Kf7 Bh8 71. Nd7+ Kb5
72. Nf8 Ka4 73. Ne6 Ka5 74. Kg8 Bc3 75. Kh7 Kb4 1/2-1/2

[Event "Aktiv-Alliancen 2001"]
[Site "Taastrup"]
[Date "2001.02.17"]
[Round "9"]
[White "Holst, Thorsten"]
[Black "Skjoldan, Benjamin"]
[Result "0-1"]
[WhiteElo "1535"]
[BlackElo "1677"]
[PlyCount "42"]
[EventDate "2001.??.??"]

1. e4 c5 2. Nf3 Nc6 3. d4 cxd4 4. Nxd4 Nf6 5. Nc3 e5 6. Ndb5 d6 7. Bg5 a6 8.
Bxf6 gxf6 9. Na3 b5 10. Nd5 f5 11. Qd3 fxe4 12. Qxe4 Bb7 13. O-O-O Bg7 14. c3
O-O 15. h4 Kh8 16. g4 Ne7 17. Bd3 f5 18. gxf5 Bxd5 19. Qg4 Bxh1 20. Rxh1 d5 21.
f6 Rxf6 0-1

[Event "Aktiv-Alliancen 2001"]
[Site "Taastrup"]
[Date "2001.02.17"]
[Round "9"]
[White "Jensen, Dan Bronnum"]
[Black "Lauritsen, Martin Lee"]
[Result "0-1"]
[WhiteElo "1364"]
[BlackElo "1166"]
[PlyCount "94"]
[EventDate "2001.??.??"]

1. e4 c5 2. Nf3 Nc6 3. d4 cxd4 4. Nxd4 Nf6 5. Nc3 e6 6. Ndb5 d5 7. exd5 Nxd5 8.
Nxd5 exd5 9. Bf4 Bb4+ 10. c3 Ba5 11. Nd6+ Ke7 12. Qxd5 Be6 13. Qg5+ Kf8 14. Qg3
Qb6 15. Be3 Qxb2 16. Rd1 Bxc3+ 17. Bd2 Be5 18. Qd3 Nb4 19. Bxb4 Qxb4+ 20. Ke2
Rd8 21. Qe4 Qxe4+ 22. Nxe4 Ke7 23. Rb1 b6 24. a3 Rhe8 25. Ke3 h6 26. Bb5 Bd4+
27. Kf3 Rf8 28. Rhc1 Rc8 29. Ba6 Rxc1 30. Rxc1 Rd8 31. Rc7+ Rd7 32. Rxd7+ Bxd7
33. Bb7 Bb2 34. Nd2 Bxa3 35. Nc4 Bd6 36. Ne3 Be6 37. Nc2 Bc5 38. Ba6 Kd6 39.
Ke2 Kc6 40. Bd3 a5 41. f3 b5 42. Be4+ Kb6 43. Bd3 a4 44. Kd2 b4 45. Kc1 a3 46.
Kb1 b3 47. Na1 Bd4 0-1

[Event "Aktiv-Alliancen 2001"]
[Site "Taastrup"]
[Date "2001.02.17"]
[Round "9"]
[White "Jacobsen, Jesper Howalt"]
[Black "Leopold, Claus Ulrich"]
[Result "1/2-1/2"]
[WhiteElo "1304"]
[BlackElo "1296"]
[PlyCount "48"]
[EventDate "2001.??.??"]

1. e4 e5 2. Nf3 d6 3. c4 Nf6 4. Nc3 Bg4 5. Be2 Nbd7 6. d3 Be7 7. O-O O-O 8. Ne1
Bxe2 9. Qxe2 Nc5 10. f4 Ne6 11. f5 Nd4 12. Qd1 c6 13. Nf3 c5 14. Nxd4 cxd4 15.
Nd5 Nxd5 16. cxd5 Qa5 17. Qg4 Bf6 18. Bg5 Bxg5 19. Qxg5 f6 20. Qg4 Qb5 21. Qe2
Rfc8 22. Rfc1 Rc5 23. Rc4 Rac8 24. Rac1 a5 1/2-1/2

[Event "Aktiv-Alliancen 2001"]
[Site "Taastrup"]
[Date "2001.02.17"]
[Round "9"]
[White "Thomsen, Viggo"]
[Black "Hansen, Alexei"]
[Result "1-0"]
[WhiteElo "1537"]
[BlackElo "1095"]
[PlyCount "77"]
[EventDate "2001.??.??"]

1. d4 d6 2. c4 Nc6 3. Nf3 Bg4 4. Nc3 e6 5. e4 e5 6. dxe5 Nxe5 7. Be2 Bxf3 8.
Bxf3 g6 9. Be2 Bg7 10. O-O Ne7 11. f4 N5c6 12. Be3 O-O 13. Rc1 f5 14. exf5 Nxf5
15. Qd5+ Kh8 16. Bf2 Qd7 17. Bg4 Rae8 18. a3 a5 19. Rcd1 b6 20. Qd2 Qf7 21.
Bxf5 Qxf5 22. Nd5 Qd7 23. b4 axb4 24. axb4 Ne7 25. Bd4 Bxd4+ 26. Qxd4+ Kg8 27.
Nf6+ Rxf6 28. Qxf6 Rf8 29. Qc3 Nf5 30. c5 Qc6 31. Qb3+ Kh8 32. cxd6 cxd6 33.
Rc1 Qe4 34. Qc3+ Kg8 35. Rce1 Qb7 36. Qc4+ Kh8 37. b5 Rc8 38. Qe6 Nh4 39. Qf6+
1-0

[Event "Aktiv-Alliancen 2001"]
[Site "Taastrup"]
[Date "2001.02.17"]
[Round "9"]
[White "Madsen, Ole Bang"]
[Black "Nikolaisen, Oluf"]
[Result "1-0"]
[WhiteElo "1413"]
[BlackElo "1311"]
[PlyCount "43"]
[EventDate "2001.??.??"]

1. e4 e5 2. Nf3 d6 3. d4 Nd7 4. Bc4 h6 5. dxe5 dxe5 6. Qd5 Qe7 7. Nc3 Ngf6 8.
Qd2 Nxe4 9. Bxf7+ Qxf7 10. Nxe4 Bd6 11. Nxd6+ cxd6 12. Qxd6 Qe7 13. Qxe7+ Kxe7
14. Be3 e4 15. Nd2 Nf6 16. O-O-O Be6 17. f3 Rhe8 18. fxe4 Ng4 19. Bd4 Bxa2 20.
h3 Nf6 21. b3 Nxe4 22. Rhe1 1-0